000
00307nam a22001337a 4500
008
170519b xxu||||| |||| 00| 0 eng d
020
_a
0252009398
041
_a
eng
080
_a
94
100
_a
16
101
_a
SHH
245
_a
BLACK LEADERS OF THE TWENTIETH CENTURY
_c
FRANKLIN, J.H
942
_2
udc
_c
BK
999
_c
13574
_d
13574